| 000 | 00537nam a2200193Ia 4500 | ||
|---|---|---|---|
| 005 | 20250508164507.0 | ||
| 008 | 008 250505s9999 xx 000 0 eng d | ||
| 037 | _aTextual | ||
| 040 |
_aFEDL _beng _cFEDL |
||
| 041 |
_aeng _2eng |
||
| 084 |
_a306.44, TRU _qFEDL |
||
| 100 | _aTrudgill Peter | ||
| 245 | 0 | _aSociolinguistics : An introduction to language and society | |
| 260 |
_aLondon, UK _bPenguin Books _c1983 |
||
| 300 | _a204p. | ||
| 365 |
_aGBP _b4 |
||
| 942 |
_cTEXL _h306.44, TRU |
||
| 999 |
_c1389407 _d1389407 |
||